000
00264nam a2200109Ia 4500
008
190216s9999||||xx |||||||||||||| ||und||
100
_a
Bedi J S & Rai H M
245
0
_a
You And Your Intelligence
260
_b
Kalyani Pub
650
_a
References
942
_c
REF
999
_c
35600
_d
35600